00725nam a2200181 a 450000100100000000500170001000800410002704000250006808200150009310000420010824501230015026000370027330000270031071000670033704900090040495201130041399900170052600002439920200930022954.0110127s1980 dr a 000 0 spa d aDO-SdBNPbspacBNPHU axxxbD542l1 aDíaz Fernández, Osvaldo E.93759413aLa ley que crea el Instituto Nacional de Formación Técnico Profesional (INFOTEC) /cOsvaldo E. Díaz Fernández. aSanto Domingo :bINFOTEC,c1980. a41 P. :bil. ;c25 cm.2 aInstituto Nacional de Formación Técnico Profesional935749 aBNPD 0010718PDaPDbPDcCTd2011-01-27iLF1l0oxxx D542lp24399-10r2020-06-25w2020-06-25yLFPDZNo se presta c23892d23892